| 000 | 00687nam a2200229 4500 | ||
|---|---|---|---|
| 003 | OSt | ||
| 005 | 20240604053130.0 | ||
| 006 | a | ||
| 008 | 240604b |||||||| |||| 00| 0 eng d | ||
| 020 | _a9789712362637 | ||
| 040 |
_aDWCL-Main lib. _cOC |
||
| 082 | _aFil. 658.402 A872t 2012 | ||
| 100 | _aAtienza, Rumel Valenton | ||
| 245 | _aTransformative organization management / | ||
| 260 |
_aManila : _bRex Book Store, _cc2012. |
||
| 300 |
_aviii, _b198 pages : illustrations ; _c28 cm. |
||
| 504 | _aIncludes references. | ||
| 650 | _a1. Industrial management. | ||
| 650 | _a2. Decentralization in management. | ||
| 700 | _aRumel Valenton Atienza | ||
| 942 |
_2ddc _n0 _cBK - FIL _kFil. |
||
| 999 |
_c117 _d117 |
||